| 000 | 00910nam a2200205Ia 4500 | ||
|---|---|---|---|
| 003 | Ost | ||
| 005 | 20260507075047.0 | ||
| 008 | 260507s9999||||xx |||||||||||||| ||und|| | ||
| 020 | _a×012417977 | ||
| 040 | _cfsecg | ||
| 041 | _aara | ||
| 100 |
_aالسيد، عاطف _eمؤلف |
||
| 245 | 0 |
_aالعولمة في ميزان الفكر : _bدراسة تحليلية / _c عاطف السيد |
|
| 260 |
_aالإسكندرية: _bمطبعة الإنتصار, _c2001 |
||
| 300 |
_a143 صفحة؛ _c24 سم |
||
| 504 | _aببليوغرافيا: ص. 141 | ||
| 520 | _aظاهرة العولمة-الدولة القومية والنظام العالمي الجديد-أبعاد وجوانب العولمة-تحديات ومخاطر العولمة-آثار العولمة على الدول النامية-مواجهة الآثار السلبية للعولمة | ||
| 653 | _aالعولمة | ||
| 942 | _cكتاب | ||
| 999 |
_c42598 _d42598 |
||